000 00640cam a2200145 4500500
005 20251228082814.0
041 _afre
042 _adc
100 1 0 _aMazouer, Charles
_eauthor
245 0 0 _aMolière, Le Festin de pierre (Dom Juan), édition critique du texte d’Amsterdam (1683) par Joan DeJean, Genève, Droz, 1999. Un vol. 11,5 × 18 cm de 286 p. (« Textes littéraires français », 500).
260 _c2003.
500 _a51
786 0 _nDix-septième siècle | 218 | 1 | 2003-03-01 | p. 161i-179i | 0012-4273
856 4 1 _uhttps://shs.cairn.info/revue-dix-septieme-siecle-2003-1-page-161i?lang=fr&redirect-ssocas=7080
999 _c1599812
_d1599812